[Event "CZE-chTB U20 1213"]
[Site "Czech Republic"]
[Date "2013.04.14"]
[Round "11.6"]
[White "Ruzicka, Vojtech"]
[Black "Martirosyan, Ara"]
[Result "0-1"]
[WhiteElo "1250"]
[BlackElo "1348"]
[PlyCount "72"]
[EventDate "2012.10.06"]
[EventType "team-tourn"]
[EventRounds "11"]
[EventCountry "CZE"]
[SourceTitle "EXT 2015"]
[Source "ChessBase"]
[SourceDate "2014.11.20"]
[SourceVersion "1"]
[SourceVersionDate "2014.11.20"]
[SourceQuality "1"]
[WhiteTeam "Ricany (U20)"]
[BlackTeam "Brno Duras (U20)"]
[WhiteTeamCountry "CZE"]
[BlackTeamCountry "CZE"]

1. e4 c5 2. Nf3 Nc6 3. d4 cxd4 4. Nxd4 g6 5. Nc3 Bg7 6. Be3 Nf6 7. Be2 0-0 8. Qd2 d5 9. Nxc6 bxc6 10. 0-0-0 Be6 11. e5 Ne4 12. Nxe4 dxe4 13. Qxd8 Rfxd8 14. f4 exf3 15. Bxf3 Bxe5 16. Rxd8+ Rxd8 17. Bxc6 Rc8 18. Ba4 a6 19. Rd1 Bxh2 20. Bd7 Bxd7 21. Rxd7 Bd6 22. Ra7 f5 23. Rxa6 f4 24. Bf2 Rd8 25. a4 e5 26. Ra7 g5 27. a5 e4 28. Bb6 Re8 29. Rd7 Be7 30. a6 e3 31. a7 Bf6 32. Bd4 Bxd4 33. Rxd4 e2 34. Re4 e1Q+ 35. Rxe1 Rxe1+ 36. Kd2 Re8 0-1

[Event "CZE-chTW U20 1213"]
[Site "Czech Republic"]
[Date "2013.01.26"]
[Round "6.5"]
[White "Ruzicka, Vojtech"]
[Black "Filip, Vojtech"]
[Result "0-1"]
[WhiteElo "1250"]
[BlackElo "1841"]
[PlyCount "68"]
[EventDate "2012.10.06"]
[EventType "team-tourn"]
[EventRounds "11"]
[EventCountry "CZE"]
[SourceTitle "EXT 2015"]
[Source "ChessBase"]
[SourceDate "2014.11.20"]
[SourceVersion "1"]
[SourceVersionDate "2014.11.20"]
[SourceQuality "1"]
[WhiteTeam "Ricany (U20)"]
[BlackTeam "Vlasim (U20)"]
[WhiteTeamCountry "CZE"]
[BlackTeamCountry "CZE"]

1. e4 c6 2. d4 d5 3. Nc3 dxe4 4. Nxe4 Nd7 5. Nf3 Ngf6 6. Bd3 Nxe4 7. Bxe4 Nf6 8. Bd3 Bg4 9. Be3 e6 10. h3 Bh5 11. c3 Be7 12. b4 0-0 13. a4 a5 14. b5 Nd5 15. Bd2 c5 16. Qc2 Bg6 17. Bxg6 hxg6 18. c4 Nf6 19. 0-0 cxd4 20. Rfd1 Qd6 21. Be1 e5 22. Rac1 Nd7 23. Qe4 b6 24. Qc6 Rac8 25. Qxd6 Bxd6 26. Bc3 Rxc4 27. Bb2 Rfc8 28. Nd2 Rxc1 29. Rxc1 Rxc1+ 30. Bxc1 f5 31. g4 Kf7 32. Nc4 Bc7 33. Ba3 Ke6 34. Kf1 Kd5 0-1

[Event "Mlada Boleslav Region-ch U20"]
[Site "Mlada Boleslav"]
[Date "2012.06.23"]
[Round "3"]
[White "Elias, Jakub"]
[Black "Ruzicka, Vojtech"]
[Result "1-0"]
[WhiteElo "1250"]
[BlackElo "1250"]
[PlyCount "39"]
[EventDate "2012.06.23"]
[EventType "swiss"]
[EventRounds "7"]
[EventCountry "CZE"]
[SourceTitle "EXT 2014"]
[Source "ChessBase"]
[SourceDate "2013.11.20"]
[SourceVersion "1"]
[SourceVersionDate "2013.11.20"]
[SourceQuality "1"]

1. e4 c5 2. Nf3 Nc6 3. d4 cxd4 4. Nxd4 g6 5. Be3 Bg7 6. Nc3 Nf6 7. Bc4 0-0 8. f4 d6 9. 0-0 e5 10. fxe5 Nxe5 11. Rf4 Nxc4 12. Bc1 Bh6 13. Rh4 Bxc1 14. Qxc1 a6 15. Qh6 b5 16. Nd5 Nh5 17. Rxh5 gxh5 18. Nf6+ Qxf6 19. Qxf6 Nxb2 20. Nf5 1-0

[Event "Strmilov op"]
[Site "Strmilov"]
[Date "2004.05.08"]
[Round "7"]
[White "Pekarovic, Jaroslav"]
[Black "Ruzicka, Vojtech"]
[Result "1-0"]
[WhiteElo "1888"]
[BlackElo "1772"]
[PlyCount "63"]
[EventDate "2004.05.05"]
[EventType "swiss"]
[EventRounds "9"]
[EventCountry "CZE"]
[SourceTitle "EXT 2006"]
[Source "ChessBase"]
[SourceDate "2005.11.24"]
[SourceVersion "1"]
[SourceVersionDate "2005.11.24"]
[SourceQuality "1"]

1. d4 d5 2. c4 c6 3. Nc3 Nf6 4. Bg5 h6 5. Bxf6 gxf6 6. cxd5 cxd5 7. e3 Nc6 8. Nf3 e6 9. a3 Bd7 10. Rc1 Rc8 11. Be2 Bd6 12. Qd3 f5 13. 0-0 h5 14. b4 h4 15. h3 Qf6 16. Na4 Rg8 17. b5 Na5 18. Rxc8+ Bxc8 19. Qc3 Ke7 20. Qxa5 Qg7 21. Ne1 f4 22. Qc3 e5 23. exf4 exd4 24. Qf3 Qf6 25. Nd3 Bf5 26. Qxd5 Bxh3 27. Bf3 Bxg2 28. Re1+ Kf8 29. Bxg2 h3 30. Nac5 Bxc5 31. Qxc5+ Kg7 32. Bxh3 1-0

[Event "Strmilov op"]
[Site "Strmilov"]
[Date "2004.05.07"]
[Round "6"]
[White "Snorek, Milan"]
[Black "Ruzicka, Vojtech"]
[Result "0-1"]
[WhiteElo "2164"]
[BlackElo "1772"]
[PlyCount "102"]
[EventDate "2004.05.05"]
[EventType "swiss"]
[EventRounds "9"]
[EventCountry "CZE"]
[SourceTitle "EXT 2006"]
[Source "ChessBase"]
[SourceDate "2005.11.24"]
[SourceVersion "1"]
[SourceVersionDate "2005.11.24"]
[SourceQuality "1"]

1. Nf3 c5 2. e4 Nc6 3. d4 cxd4 4. Nxd4 g6 5. Nc3 Bg7 6. Be3 d6 7. Bc4 Nf6 8. f3 0-0 9. Qd2 a6 10. Bb3 Bd7 11. 0-0-0 b5 12. Nxc6 Bxc6 13. Bh6 a5 14. Bxg7 Kxg7 15. h4 h5 16. Bd5 Qc7 17. Bxc6 Qxc6 18. Nd5 Nxd5 19. Qxd5 Rfc8 20. Qxc6 Rxc6 21. Rhe1 b4 22. e5 Rac8 23. Rd2 d5 24. Re3 e6 25. a3 Rc4 26. g3 R8c5 27. Red3 f6 28. exf6+ Kxf6 29. axb4 Rxb4 30. c3 Ra4 31. b3 Ra1+ 32. Kb2 Rg1 33. f4 Re1 34. Kc2 Kf5 35. Kb2 Kg4 36. Rf2 Rb5 37. Rff3 Re2+ 38. Ka3 Re1 39. Rf2 Rb6 40. Rc2 Ra1+ 41. Kb2 Rg1 42. c4 dxc4 43. Rxc4 Kh3 44. f5 exf5 45. g4+ Rg3 46. Rxg3+ Kxg3 47. gxf5 gxf5 48. Kc3 Rb5 49. Ra4 f4 50. Ra1 f3 51. Rg1+ Kh2 0-1

[Event "Strmilov op"]
[Site "Strmilov"]
[Date "2004.05.06"]
[Round "3"]
[White "Ruzicka, Vojtech"]
[Black "Bartos, Alois"]
[Result "0-1"]
[WhiteElo "1772"]
[BlackElo "2015"]
[PlyCount "50"]
[EventDate "2004.05.05"]
[EventType "swiss"]
[EventRounds "9"]
[EventCountry "CZE"]
[SourceTitle "EXT 2006"]
[Source "ChessBase"]
[SourceDate "2005.11.24"]
[SourceVersion "1"]
[SourceVersionDate "2005.11.24"]
[SourceQuality "1"]

1. e4 c5 2. c3 d5 3. exd5 Qxd5 4. Nf3 Nf6 5. Be2 Nc6 6. 0-0 e6 7. Na3 Be7 8. Nc2 0-0 9. d4 Rd8 10. Be3 cxd4 11. Ncxd4 e5 12. Nxc6 Qxc6 13. Qc2 Qc7 14. Bd3 Rxd3 15. Qxd3 e4 16. Qd1 exf3 17. Qxf3 Bd6 18. h3 Bd7 19. Bg5 Bc6 20. Qd3 Be4 21. Qe2 Re8 22. Bxf6 Bh2+ 23. Kh1 Bxg2+ 24. Kxg2 Rxe2 25. Bd4 Qg3+ 0-1

[Event "Strmilov op"]
[Site "Strmilov"]
[Date "2004.05.05"]
[Round "1"]
[White "Ruzicka, Vojtech"]
[Black "Piza, Vlastimil"]
[Result "0-1"]
[WhiteElo "1772"]
[BlackElo "2278"]
[PlyCount "80"]
[EventDate "2004.05.05"]
[EventType "swiss"]
[EventRounds "9"]
[EventCountry "CZE"]
[SourceTitle "EXT 2006"]
[Source "ChessBase"]
[SourceDate "2005.11.24"]
[SourceVersion "1"]
[SourceVersionDate "2005.11.24"]
[SourceQuality "1"]

1. e4 d6 2. d4 Nf6 3. Bd3 g6 4. Be3 Bg7 5. Nd2 Ng4 6. h3 Nxe3 7. fxe3 0-0 8. Qf3 c5 9. Ne2 Qb6 10. Nc4 Qc7 11. c3 b5 12. Nd2 a6 13. 0-0 Nc6 14. Nf4 e6 15. Qg3 b4 16. h4 bxc3 17. bxc3 Ne7 18. Be2 Bb7 19. h5 e5 20. dxe5 dxe5 21. Nd3 Rad8 22. c4 gxh5 23. Qg5 Rd6 24. Rf3 f5 25. Raf1 Rg6 26. Qh4 Rgf6 27. Rh3 Rh6 28. Bxh5 Qd6 29. Qg5 fxe4 30. Rg3 Ng6 31. Rxf8+ Kxf8 32. Qf5+ Ke7 33. Bxg6 Rxg6 34. Rxg6 hxg6 35. Qg5+ Kf7 36. Nxc5 Qxc5 37. Qd8 Qxe3+ 38. Kh2 Qf4+ 39. Kg1 Bf8 40. Qd7+ Kg8 0-1